000 00684nam a2200241Ia 4500
003 OSt
005 20220926034904.0
006 a|||||r|||| 00| 0
007 ta
008 220923b |||||||| |||| 00| 0 eng d
037 _cGeneral Book
040 _aRTL
_cRTL
_beng
041 _2eng
_aeng
082 _aV44Q7.N6, K5
100 _aSchimmel Annemarie
_941795
245 0 _aPakistan
_b Ein schooss mit tausend toren
260 _aZurich
_bOrell Fussli Verlag
_c1965
300 _a278p
_ccm.
500 _aBibliography: P 274
650 _aPakistan History
_928228
942 _hV44Q7.N6, K5
_cGB
_2CC
999 _c660693
_d660693